Quyền tiếp cận thông tin và quyền riêng tư ở Việt Nam và một số quốc gia : Sách chuyên khảo

Khái niệm, đặc điểm, bản chất, ý nghĩa của quyền tiếp cận thông tin và quyền riêng tư, việc thực hiện pháp luật về quyền tiếp cận thông tin và quyền riêng tư ở Việt Nam và một số quốc gia khác. Mối quan hệ và một số kiến nghị gi...

Cijeli opis

Spremljeno u:
Bibliografski detalji
Glavni autor: Thái, Thị Tuyết Dung
Format: Knjiga
Jezik:Undetermined
Izdano: Thành phố Hồ Chí Minh Nxb. Đại học Quốc gia Thành phố Hồ Chí Minh 2012
Teme:
Oznake: Dodaj oznaku
Bez oznaka, Budi prvi tko označuje ovaj zapis!
Thư viện lưu trữ: Trung tâm Học liệu Trường Đại học Cần Thơ
LEADER 01191nam a2200217Ia 4500
001 CTU_192788
008 210402s9999 xx 000 0 und d
020 |c 45000 
082 |a 342.08 
082 |b D513 
100 |a Thái, Thị Tuyết Dung 
245 0 |a Quyền tiếp cận thông tin và quyền riêng tư ở Việt Nam và một số quốc gia : 
245 0 |b Sách chuyên khảo 
245 0 |c Thái Thị Tuyết Dung 
260 |a Thành phố Hồ Chí Minh 
260 |b Nxb. Đại học Quốc gia Thành phố Hồ Chí Minh 
260 |c 2012 
520 |a Khái niệm, đặc điểm, bản chất, ý nghĩa của quyền tiếp cận thông tin và quyền riêng tư, việc thực hiện pháp luật về quyền tiếp cận thông tin và quyền riêng tư ở Việt Nam và một số quốc gia khác. Mối quan hệ và một số kiến nghị giữa quyền tiếp cận thông tin và quyền riêng tư 
650 |a Citizen,Công dân 
910 |a Hải 
980 |a Trung tâm Học liệu Trường Đại học Cần Thơ